THE SCHOOL FUNDRAISING HANDBOOK (Record no. 216809)

MARC details
000 -LEADER
fixed length control field 00505nam a22001457a 4500
008 - FIXED-LENGTH DATA ELEMENTS--GENERAL INFORMATION
fixed length control field 260309b |||||||| |||| 00| 0 eng d
020 ## - INTERNATIONAL STANDARD BOOK NUMBER
International Standard Book Number 978-178583426-4
100 ## - MAIN ENTRY--PERSONAL NAME
Personal name MARSH, LINDSEY
245 ## - TITLE STATEMENT
Title THE SCHOOL FUNDRAISING HANDBOOK
Remainder of title HOW TO MAXIMISE YOUR INCOME FROM GRANTS, SPONSORSHIP AND MANY OTHER SOURCES OF FINANCE
260 ## - PUBLICATION, DISTRIBUTION, ETC.
Place of publication, distribution, etc. WALES
Name of publisher, distributor, etc. CROWN HOUSE PUBLISHING
Date of publication, distribution, etc. 2019
300 ## - PHYSICAL DESCRIPTION
Extent X, 209P.
650 ## - SUBJECT ADDED ENTRY
Topical term or geographic name entry element 1. SCHOOLS - FINANCE 2. EDUCATIONAL FUND RAISING
942 ## - ADDED ENTRY ELEMENTS (KOHA)
Source of classification or shelving scheme Library of Congress Classification
Koha item type Long Loan Book
Holdings
Withdrawn status Lost status Source of classification or shelving scheme Damaged status Not for loan Collection Home library Current library Shelving location Date acquired Inventory number Total checkouts Full call number Barcode Date last seen Copy number Price effective from Koha item type
    Library of Congress Classification     Arts & Social Sciences Kisii University Library Kisii University Library On Display 03/09/2026 111061   LB 3232 .M37 2019 a001120 03/09/2026 1 03/09/2026 Long Loan Book
    Library of Congress Classification     Arts & Social Sciences Kisii University Library Kisii University Library On Display 03/09/2026 111062   LB 3232 .M37 2019 a001118 03/09/2026 2 03/09/2026 Long Loan Book
    Library of Congress Classification     Arts & Social Sciences Kisii University Library Kisii University Library On Display 03/09/2026 111063   LB 3232 .M37 2019 a001117 03/09/2026 3 03/09/2026 Long Loan Book
    Library of Congress Classification     Arts & Social Sciences Kisii University Library Kisii University Library On Display 03/09/2026 111064   LB 3232 .M37 2019 a001116 03/09/2026 4 03/09/2026 Long Loan Book
    Library of Congress Classification     Arts & Social Sciences Kisii University Library Kisii University Library On Display 03/09/2026 111065   LB 3232 .M37 2019 a001115 03/09/2026 5 03/09/2026 Long Loan Book